000 00303 a2200109 4500
001 ART_44639
005 20260410162002.0
008 260409a
245 1 0 _aNo huir de los tratados
100 1 _aSaba, Roberto
773 0 _tPensar en derecho
_g- Año 5, Nº 10 (oct. 2017)
_wREV28996
999 _c31355
_d31355